000 00927nam a2200265 c 4500
003 BLK
005 20190913121214.0
008 180911b bul|||||r ||||||| ||bul||
010 _a002612
040 _aBLK
041 _aBUL
080 _aФотинов, Константин
_x92
_z949.72(092)92
100 1 _aФОТИНОВ, Константин
_eпърви автор
245 0 0 _aИзбрани страници
260 _aСофия
_bХемус
_c1939
_fР. Младенов
300 _a143 с
_c19 см
380 _a9
490 _aЧастна колекция - Академик Михаил Арнаудов
_gДарение - Основен фонд
650 _aБиографии
655 _aбългарска история
700 1 _aКонстантин Г. Фотинов
700 1 _aАлександър Бурмов
_e Ред.
852 _aМА 979
942 _cKNG
_n0
944 _aCR
_c1996
_kValK
999 _c342951
_d342951